UM Logo
Normal view MARC view
  • Segara, Carmelita R.

Entry Personal Name

Number of records used in: 1

001 - CONTROL NUMBER

  • control field: 60610

003 - CONTROL NUMBER IDENTIFIER

  • control field: OSt

005 - DATE AND TIME OF LATEST TRANSACTION

  • control field: 20240911090316.0

008 - FIXED-LENGTH DATA ELEMENTS

  • fixed length control field: 240911|| aca||aabn | a|a d

040 ## - CATALOGING SOURCE

  • Original cataloging agency: OSt
  • Transcribing agency: OSt

100 ## - HEADING--PERSONAL NAME

  • Personal name: Segara, Carmelita R.
  • Relator term: author.

670 ## - SOURCE DATA FOUND

  • Source citation: Work cat.: (OSt): Segara, Carmelita R. author., Sentence stretching :, November 2019.